Statistics for Muse Madness Lyrics Quiz

Click here to take the quiz!

General Stats

  • This quiz has been taken 821 times
  • The average score is 17 of 24

Answer Stats

HintAnswer% Correct
I, I can't get these memories out of my ____mind
99%
I have finally seen the ___light
95%
I, I tried so hard to let you __go
93%
Like some kind of _____madness
91%
Our love is ma-ma-ma-ma-ma... _____madness
91%
Come to __me
91%
But some kind of madness is swallowing me ____whole
89%
Was taking ____control
85%
What you ___mean
80%
And some kind of madness has started to _____evolve
78%
But I have finally ___ __ ____seen the light
78%
And I have finally ______realized
77%
And now, I need to know is this ___ ___real love
77%
And when I look back at all the crazy ____ __ ___fights we had
68%
I need to ___love
65%
I need to ___love
65%
And I'm not expecting you __ ___to care
63%
Come on and ____ __rescue me
59%
Or is it just madness keeping __ ____us afloat
57%
Maybe I'm too ______headstrong
55%
Yes I know, I can be ____wrong
53%
Trust in your ___dream
50%
I have ____ ____finally realized
45%
And now I have finally ___ __ ___seen the end
44%

Score Distribution

Percentile by Number Answered

Percent of People with Each Score

Your Score History

You have not taken this quiz